Guess the Disneyland attraction - Statistics

General Stats
  • This quiz has been taken 1,514 times
  • The average score is 10 of 15
Answer Stats
Hint Answer % Correct
This ride features songs and characters from the 1946 film Sound of the South Splash Mountain
89%
This ride changes in Halloween time, into a Nightmare Before Christmas theme Haunted Mansion
84%
This is a classic Disney ride meant for everyone, featuring everyone's favorite elephant Dumbo the Flying Elephant
81%
Everyone gets annoyed of this ride but goes on it anyway It's a Small World
80%
This ride also changes during Halloween time. It changes into Ghost Galaxy Space Mountain
77%
"Yo ho, yo ho, a pirate's life for me" Pirates of the Caribbean
72%
You might get a heart attack at the end of this ride, when a big boulder almost smashes your car Indiana Jones Adventure
71%
This ride is based on a successful film series created by George Lucas Star Tours
66%
In this ride, you get to fly on a ship over a beautiful land located on the second star to the right, and straight on til morning. Peter Pan's Flight
64%
singing flowers, odd twins, and confusing signs are all things that are found on this ride Alice in Wonderland
58%
This ride is famous for its corny jokes Jungle Cruise
58%
There is a rumor that there is a secret basketball court on this ride Matterhorn Bobsleds
52%
Everyone's favorite ride in Frontierland Big Thunder Mountain Railroad
50%
At the enterence of this ride you can see 3 seagulls caalling out "Mine! Mine! Mine!" Finding Nemo Submarine Voyage
34%
Many people claim that this is the scariest ride in the park Snow White's Scary Adventures
20%
No matching quizzes found
Score Distribution
Percent of People with Each Score
Percentile by Number Answered
Your Score History
You have not taken this quiz